000 00355pam a2200157a 44500
008 230515b2013 xxu||||| |||| 00| 0 eng d
020 _a9788121923781
041 _aENGLISH
082 _aN.D.
100 _aSEDHA R.S.
245 _aDIGITAL ELECTRONICS
250 _a0
260 _aNEW DELHI
_bS CHAND & CO.
_c2013
300 _a976
650 _aNULL
999 _c606700
_d606700